| 000 | 00672nam a2200241Ia 4500 | ||
|---|---|---|---|
| 003 | OSt | ||
| 005 | 20221006144050.0 | ||
| 006 | a|||||r|||| 00| 0 | ||
| 007 | ta | ||
| 008 | 221006b |||||||| |||| 00| 0 eng d | ||
| 020 | _c344.75 | ||
| 024 | _a10,784 | ||
| 037 | _cTextual | ||
| 040 |
_aEASL _cEASL _beng |
||
| 041 |
_2eng _aeng |
||
| 082 | _aW691,6.42.N, M6 | ||
| 100 | _aSZAJKOWSKI Bogdan Ed. | ||
| 245 | 0 | _aMarxist local governments in Western Europe and Japan | |
| 260 |
_aLondon _bFrances Printer (Publisher) _c1986 |
||
| 300 |
_a216p. _ccm. |
||
| 942 |
_hW691,6.42.N, M6 _cTEXL _2CC |
||
| 999 |
_c1078870 _d1078870 |
||